书目信息

书名: 好口才会交际,成就你一生 
作者: 马银文 编著
出版信息: 北京   中国致公出版社  2009
开本页数: 24cm  309页
丛书名:
单 册:
中图分类: H019 C912.1
科图分类:
主题词: 口才学--通俗读物 , 人际关系学--通俗读物
电子资源:
ISBN: 978-7-80179-851-0
000 00806nam0 2200253 450
001 4766
005 20090531155338.0
010    @a978-7-80179-851-0@dCNY32.80
100    @a20090531d2009 em y0chiy0110 ea
101 @achi
102    @aCN@b110000
105    @ay z 000yy
106    @ar
200 @a好口才会交际,成就你一生@Ahao kou cai hui jiao ji,cheng jiu ni yi sheng@f马银文编著
210    @a北京@c中国致公出版社@d2009
215    @a309页@d24cm
330    @a本书以真实的事例和形形色色的故事展示了社会生活中最直接、最便利、最有效的说话办事技巧,教给你如何运用最巧妙的语言把话说到对方心里头。
606 @a口才学@j通俗读物
606 @a人际关系学@j通俗读物
690    @aH019@v4
690    @aC912.1@v4
701  0 @a马银文@Ama yin wen@4编著
801    @aCN@bBJHZ@c20091201
905    @dH019@e47
    
    好口才会交际,成就你一生/马银文编著.-北京:中国致公出版社,2009
    309页;24cm
    
    
    ISBN 978-7-80179-851-0:CNY32.80
    本书以真实的事例和形形色色的故事展示了社会生活中最直接、最便利、最有效的说话办事技巧,教给你如何运用最巧妙的语言把话说到对方心里头。
相关链接 在五车中查询图书 在当当中查询图书 在豆瓣中查询图书


正题名:好口才会交际,成就你一生     索取号:H019/47         预约/预借

序号 登录号 条形码 馆藏地/架位号 状态 备注
1 273891   300273891   海科密-1楼/24架10列6层/ [索取号:H019/47] 在馆    
2 273892   300273892   海科密-1楼/24架10列6层/ [索取号:H019/47] 在馆    
3 273893   300273893   海科密-1楼/24架10列6层/ [索取号:H019/47] 在馆    
4 273894   300273894   海科密-1楼/24架10列6层/ [索取号:H019/47] 在馆    
5 273895   300273895   海科密-1楼/24架10列7层/ [索取号:H019/47] 在馆